LDS Scripture Quiz - Statistics

General Stats
  • This quiz has been taken 187 times
  • The average score is 60 of 89
Answer Stats
Hint Answer % Correct
Old Testament Genesis
99%
John
94%
Exodus
91%
2 Nephi
90%
New Testament Matthew
90%
Moroni
90%
Book of Mormon 1 Nephi
89%
3 Nephi
89%
4 Nephi
89%
Jacob
89%
Leviticus
89%
Luke
89%
Numbers
89%
Mark
88%
Pearl of Great Price Moses
88%
Enos
85%
Mormon
85%
Omni
85%
Romans
85%
Abraham
84%
Acts
84%
Alma
84%
Mosiah
84%
Deuteronomy
83%
Ether
80%
Helaman
80%
Words of Mormon
80%
Revelation
79%
Ruth
79%
1 Kings
78%
2 Kings
78%
Judges
78%
Isaiah
76%
Jarom
76%
1 Corinthians
73%
2 Corinthians
73%
Joseph Smith-History
72%
Joshua
72%
Esther
71%
Job
71%
Psalms
71%
Ephesians
70%
1 Peter
68%
2 Peter
68%
1 Samuel
67%
2 Samuel
67%
1 John
66%
2 John
66%
James
65%
1 Chronicles
63%
2 Chronicles
63%
3 John
63%
Malachi
62%
Song of Solomon
62%
1 Thessalonians
61%
2 Thessalonians
61%
Jude
61%
Nehemiah
61%
Articles of Faith
60%
Jeremiah
60%
Proverbs
59%
Colossians
56%
Daniel
56%
Philippians
56%
Ezra
55%
Galatians
55%
Hebrews
55%
1 Timothy
54%
2 Timothy
54%
Jonah
52%
Amos
51%
D&C Doctrine and Covenants
51%
Lamentations
51%
Ezekiel
50%
Joseph Smith-Matthew
50%
Habakkuk
49%
Haggai
48%
Ecclesiastes
46%
Titus
46%
Philemon
45%
Obadiah
44%
Official Declaration 1
44%
Official Declaration 2
44%
Zechariah
44%
Joel
41%
Hosea
39%
Micah
38%
Nahum
35%
Zephaniah
34%
No matching quizzes found
Score Distribution
Percent of People with Each Score
Percentile by Number Answered
Your Score History
You have not taken this quiz